000 01153 a2200277 4500
003 Nust
005 20170207154052.0
010 _a 2006014509
020 _a0415404592 (hardback)
040 _cNust
082 0 0 _a954.604
100 1 _aSwami, Praveen.
245 1 0 _aIndia, Pakistan and the secret jihad (E-BOOK)
_bthe covert war in Kashmir, 1947-2004 /
_cPraveen Swami.
250 _a1st ed.
260 _aRoutledge :
_bNew York, NY,
_c2006.
300 _ap. cm.
440 0 _aAsian security studies
500 _a"Simultaneously published in the USA and Canada."
505 0 _aIntroduction : a house on the hill -- The informal war -- The master cell -- Al-Fatah -- Years of retreat and revival -- The war of many fronts -- The nuclear jihad -- Towards peace?
650 0 _aJihad.
651 0 _aIndia
_xForeign relations
_zPakistan.
651 0 _aJammu and Kashmir (India)
_xPolitics and government.
651 0 _aPakistan
_xForeign relations
_zIndia.
856 4 1 _3Publisher description
_uhttp://www.loc.gov/catdir/enhancements/fy0704/2006014509-d.html
856 4 1 _3Table of contents only
_uhttp://www.loc.gov/catdir/toc/ecip0613/2006014509.html
942 _2ddc
_cBK
999 _c193148
_d193148